000 01438nmm a2200277 a 4500
001 ocm000639933
003 TR-IsHL
005 20201028155315.0
008 110704s2010 tu tur
007 cr cn
020 _a9789754688603
035 _a639933
_b(N$T)
050 0 4 _aD16.8
_b.O95 2010
090 0 4 _aD16.8
_b.O95 2010
100 1 _aÖzlem, Doğan
245 1 0 _aTarih felsefesi
_h[electronic resource] /
_cDoğan Özlem
260 _aİstanbul :
_bSay Yayınları,
_c2010
300 _a480 p.
500 _aBir felsefe disiplini olarak ancak 19. Yüzyılın ikinci yarısında ortaya çıkan "tarih felsefesi" köklerini binyıllara dayanan "tarih"ten alır. Geçmişte olanların ne anlam ifade ettiğini sorgulamakla başlayıp, insanlığın tüm yaşanmışlığına, yani "dünya tarihi"ne kadar uzanan "tarih felsefesi", bu yanıyla bir "felsefe sistemleri uğraşısı" olarak kapsayıcı bir felsefe sistemi kurmayı amaçlar. Diğer yanıyla da tarih biliminin dayandığı ilke ve yöntemleri, "tarihsel bilgi"nin niteliğini hatta olabilirliğini çözümleyen bir tarihsel bilgi eleştirisidir.
_x
650 4 _aFelsefe, Psikoloji ve Din
650 4 _aPhilosophy, Psychology and Religion
650 0 _aTarih
_xFelsefe
650 0 _aHistory
_xPhilosophy
650 7 _aHISTORY / General
_2bisacsh
856 4 0 _uhttp://search.ebscohost.com/login.aspx?direct=true&scope=site&db=e011xww&AN=639933
999 _c13019
_d13019